000 00604nam a2200241Ia 4500
003 OSt
005 20220918221236.0
006 a|||||r|||| 00| 0
007 ta
008 220917b |||||||| |||| 00| 0 eng d
024 _a148,913
037 _cTextual
040 _aARTS
_cARTS
_beng
041 _2eng
_aeng
082 _aT, L5
100 _aLengrand Paul
_9139687
245 0 _aIntroduction to lifelong education.
260 _aLondon
_bCroom Helm
_c1975
300 _a156p
_ccm.
650 _aEDUCATION
942 _hT, L5
_cTEXL
_2CC
999 _c271588
_d271588